| 000 | 01423nam a22003734i 4500 | ||
|---|---|---|---|
| 001 | 991061504179806706 | ||
| 003 | ES-BaIT | ||
| 005 | 20251015093636.0 | ||
| 008 | 251006e202404 sp 000 d spa|c | ||
| 017 |
_aDL M 8019-2024 _bOficina DL Madrid |
||
| 020 | _a9788419693532 | ||
| 040 |
_aES-BaUB _bcat _erda _cES-BaUB |
||
| 041 | 1 |
_acat _heng |
|
| 080 | _a840(71)-2"19" | ||
| 100 | 1 |
_aCarson, Anne, _d1950- _eautor _9160694 |
|
| 245 | 1 | 0 |
_aNorma Jeane Baker de Troia : _buna versió d'Helena d'Eurípides / _cper Anne Carson ; traducció de Núria Busquet Molist |
| 250 | _aPrimera edició | ||
| 264 | 1 |
_aMadrid : _bVaso Roto Ediciones, _cabril 2024 |
|
| 300 |
_a107 pàgines ; _c21 cm |
||
| 336 |
_atext _btxt _2rdacontent |
||
| 337 |
_asense mediació _bn _2rdamedia |
||
| 338 |
_avolum _bnc _2rdacarrier |
||
| 490 | 1 |
_aVaso Roto Teatro ; _v7 |
|
| 500 | _aTítol original: Norma Jeane Baker of Troy | ||
| 546 | _aText en anglès i català | ||
| 700 | 1 | 2 |
_iContenidor de (obra) : _aCarson, Anne, _d1950- _tNorma Jeane Baker of Troy _9167490 |
| 700 | 1 | 2 |
_aCarson, Anne, _d 1950- _tNorma Jeane Baker of Troy. _lCatalà _iContenidor de (expressió) : _9167491 |
| 700 | 1 |
_aBusquet Molist, Núria _etraductor _9167492 |
|
| 700 | 1 | 2 |
_iBasat en (obra) : _aEurípides, _daproximadament 480 aC-406 aC. _tHelena _9161441 |
| 830 |
_aTeatro (Vaso Roto) _v7 _9123821 |
||
| 908 | _aCDMAE | ||
| 940 | _aCVA2 | ||
| 942 |
_2udc _c1 |
||
| 999 |
_c136678 _d136678 |
||